000 00722nam a22002297a 4500
005 20140827123208.0
010 _aB-498670-680 ENG-110373
020 _a9780749464042
_c350.00
035 _aB-498670-680
035 _aEN-93905
037 _bUBH/VEN
_aDPL
082 _a650.142
100 _aYate, Martin John
245 _aUltimate CV /
_cby Martin John Yate
250 _a3rd ed
260 _aNew Delhi
_bKogan Page
_c2012
270 _a4737/23, Ansari Road ,Daryaganj
_bNew Delhi
_e110002
300 _aix, 318p. :
_c24cm(pbk)
_bill.
500 _aIncludes index
942 _2ddc
_cEN
_mYAT
_h650.142
999 _c74995
_d74995